| 000 | 00517nam a2200193Ia 4500 | ||
|---|---|---|---|
| 003 | GCL | ||
| 008 | 140319s9999 xx 000 0 eng d | ||
| 040 |
_aGCL / _cGCL |
||
| 082 | 0 | 4 |
_aCC _b726.5 _bM P |
| 100 | 1 | _aMUYSER, JACOB | |
| 245 | 1 | 0 |
_aLES PELERINAGES COPTES EN EGYPTE / _cMUYSER, JACOB |
| 700 | 1 | _aVIAUD, GERARD | |
| 260 |
_a[S.N] : _bINSTITUTE FRANCAIS D'ARCHEOLOGIE ORIETAL ، _c1979 |
||
| 300 | _a120 P | ||
| 650 | 0 | 4 | _aCOPTS |
| 650 | 0 | 4 | _aART, EGYPTIAN |
| 650 | 0 | 4 | _aEGYPT - HISTORY |
| 942 |
_2ddc _cBK |
||
| 999 |
_c19363 _d19363 |
||